000
00347nam a2200133Ia 4500
008
100328s9999 xx 000 0 und d
082
_b
53369
100
_a
राजाध्यक्ष विजया
245
_a
विदेही
260
_b
मौज
630
_a
विदेही
730
_a
विदेही
942
_c
BOOK
999
_c
540122
_d
540119